|
|
|
|
| LEADER |
00000nam0a2200000 4500 |
| 001 |
254659 |
| 005 |
20231101232945.0 |
| 010 |
|
|
|a 5343001017
|
| 020 |
|
|
|a RU
|b 89-62834
|
| 035 |
|
|
|a (RuTPU)RU\TPU\book\277147
|
| 090 |
|
|
|a 254659
|
| 100 |
|
|
|a 20140322d1989 k y0rusy5003 ca
|
| 101 |
0 |
|
|a rus
|
| 102 |
|
|
|a BY
|
| 105 |
|
|
|a a z 001zy
|
| 200 |
1 |
|
|a Подшипники герметичных насосов
|f С. С. Герасименко, А. А. Иванов
|g Академия наук Белорусской ССР (АН БССР), Институт ядерной энергетики
|
| 210 |
|
|
|a Минск
|c Наука и техника
|d 1989
|
| 215 |
|
|
|a 159 с.
|c ил.
|
| 320 |
|
|
|a Библиогр.: с. 152-157 (165 назв.).
|
| 606 |
1 |
|
|a Насосные установки
|2 stltpush
|3 (RuTPU)RU\TPU\subj\44933
|9 64201
|
| 610 |
1 |
|
|a насосы герметичные
|
| 610 |
1 |
|
|a подшипники
|
| 610 |
1 |
|
|a роторы
|
| 610 |
1 |
|
|a уравновешивание
|
| 610 |
1 |
|
|a подшипники скольжения
|
| 610 |
1 |
|
|a пары трения
|
| 610 |
1 |
|
|a материалы
|
| 610 |
1 |
|
|a расчеты
|
| 675 |
|
|
|a 621.65
|z rus
|
| 700 |
|
1 |
|a Герасименко
|b С. С.
|g Сергей Степанович
|
| 701 |
|
1 |
|a Иванов
|b А. А.
|g Алексей Алексеевич
|
| 712 |
0 |
2 |
|a Академия наук Белорусской ССР (АН БССР)
|b Институт ядерной энергетики
|2 stltpush
|3 (RuTPU)RU\TPU\col\10622
|
| 801 |
|
0 |
|a RU
|b RuMRKP
|c 19950417
|g psbo
|
| 801 |
|
1 |
|a RU
|b 63413507
|c 20140322
|
| 801 |
|
2 |
|a RU
|b 63413507
|c 20140702
|g RCR
|
| 942 |
|
|
|c BK
|